书目信息 |
| 题名: |
美国通史
|
|
| 作者: | 刘绪贻 , 杨生茂 总主编 ;韩铁 , 李存训 著 | |
| 分册: | 第六卷下 战后美国史 | |
| 出版信息: | 北京 人民出版社 2005 |
|
| 页数: | 451-840页 | |
| 开本: | 21cm | |
| 丛书名: | 中国文库 | |
| 单 册: | ||
| 中图分类: | K712.0 , K712.54 | |
| 科图分类: | ||
| 主题词: | 历史 , 现代史 | |
| 电子资源: | ||
| ISBN: | 7-01-004912-2 | |
| 000 | 01134oam2 2200361 450 | |
| 001 | 1559983814 | |
| 005 | 20150120164102.79 | |
| 010 | @a7-01-004912-2@dCNY33.00 | |
| 100 | @a20080430d2005 em y0chiy50 ea | |
| 101 | 0 | @achi |
| 102 | @aCN@b110000 | |
| 105 | @ay z 001yy | |
| 200 | 1 | @a美国通史@9mei guo tong shi@h第六卷下@i战后美国史@e1945-2000@f刘绪贻,杨生茂总主编@g刘绪贻,韩铁,李存训著 |
| 210 | @a北京@c人民出版社@d2005 | |
| 215 | @a451-840页@d21cm | |
| 225 | 2 | @a中国文库@i史学类 |
| 308 | @a文库第二辑 | |
| 330 | @a本书全面阐述和剖析了战后美国政治、经济、外交、军事、文化教育、文学艺术等各方面的重大事件和进程。 | |
| 461 | 0 | @12001 @a中国文库 |
| 462 | 0 | @12001 @a史学类 |
| 606 | 0 | @a历史 |
| 606 | 0 | @a现代史 |
| 607 | @a美国@x历史 | |
| 607 | @a美国@x现代史@z1945~2000 | |
| 607 | @a美国 | |
| 690 | @aK712.0@v5 | |
| 690 | @aK712.54@v5 | |
| 701 | 0 | @a刘绪贻@9liu xu yi@f(1913~)@4总主编 |
| 701 | 0 | @a杨生茂@9yang sheng mao@f(1917~)@4总主编 |
| 702 | 0 | @a韩铁@9han tie@f(1947~)@4著 |
| 702 | 0 | @a李存训@9li cun xun@f(1934~)@4著 |
| 801 | 0 | @aCN@bTSSF@c20150120 |
| 905 | @aZUCC@dK712.0@eJY1:6:2 | |
| 美国通史.第六卷下.战后美国史:1945-2000/刘绪贻,杨生茂总主编/刘绪贻,韩铁,李存训著.-北京:人民出版社,2005 |
| 451-840页;21cm.-(中国文库.史学类) |
| ISBN 7-01-004912-2:CNY33.00 |
| 本书全面阐述和剖析了战后美国政治、经济、外交、军事、文化教育、文学艺术等各方面的重大事件和进程。 |
| ● |
| 相关链接 |
|
|
|
|
正题名:美国通史
索取号:K712.0/JY1:6:2
 
预约/预借
| 序号 | 登录号 | 条形码 | 馆藏地/架位号 | 状态 | 备注 |
| 1 | 7836850 | 278368507 | 学院路分馆/ [索取号:K712.0/JY1:6:2] | 在馆 |